000 00741cam a22002171 4500
001 agr40000611
003 DLC
005 20260227110959.0
008 771208s1938 fr af b 000 0 fre
010 _aagr40000611
035 _a(OCoLC)3471977
040 _aDLC
_cViU
_dDLC
050 0 0 _aQK629.A4
_bK82
100 1 _aKühner, Robert,
_d1903-1996.
245 1 3 _aLe genre Mycena (Fries)
_bÉtude cytologique et systématique des espèces d'Europe et d'Amérique du Nord,
_cpar Robert Kühner. Préface du dr. René Maire.
260 _aParis,
_bP. Lechevalier,
_c1938.
300 _a710 p.
_billus., 16 plates.
_c26 cm.
440 0 _aEncyclopédie mycologique,
_v10
504 _a"Index bibliographique": p. [691]-694.
650 0 _aMycenas.
999 _c10061
_d10061